000 00288nam a22001337a 4500
008 181023b xxu||||| |||| 00| 0 eng d
020 _a9780078021371
041 _aeng
080 _210 ED
_a612.39
100 _a9
101 _aNUT
245 _aNutrition
_cSMITH.a.m
942 _2udc
_cBK
999 _c50595
_d50595